[Event "IECG WC.2008.P.00012 email"]
[Site "IECG email"]
[Date "2004.03.05"]
[Round "?"]
[White "Guilloux, Jean Yves"]
[Black "Mueller, Gabriele"]
[Result "1/2-1/2"]
[WhiteElo "2080"]
[BlackElo "1780"]
[PlyCount "56"]
[EventDate "2004.03.05"]
[EventType "tourn (corr)"]
[EventRounds "6"]
[SourceTitle "Corr 2008"]
[Source "ChessBase"]
[SourceDate "2008.06.24"]
[SourceVersion "1"]
[SourceVersionDate "2008.06.24"]
[SourceQuality "1"]

1. e4 e5 2. Nf3 Nc6 3. Bb5 f5 4. Nc3 fxe4 5. Nxe4 d5 6. Nxe5 dxe4 7. Nxc6 Qg5 8. Qe2 Nf6 9. f4 Qxf4 10. Ne5+ c6 11. d4 Qh4+ 12. g3 Qh3 13. Bc4 Be6 14. Bg5 0-0-0 15. 0-0-0 Bd6 16. Rhf1 Rhf8 17. g4 Bxc4 18. Qxc4 Kb8 19. Nf7 Qxg4 20. Bxf6 gxf6 21. Nxd8 Rxd8 22. Qf7 Bf4+ 23. Kb1 Bg5 24. Qe7 Rd7 25. Qe8+ Kc7 26. c3 e3 27. Rde1 Rd8 28. Qf7+ Rd7 1/2-1/2

[Event "IECG WC.2008.P.00012 email"]
[Site "IECG email"]
[Date "2004.03.05"]
[Round "?"]
[White "Wong, Victor"]
[Black "Mueller, Gabriele"]
[Result "1/2-1/2"]
[WhiteElo "1984"]
[BlackElo "1780"]
[PlyCount "72"]
[EventDate "2004.03.05"]
[EventType "tourn (corr)"]
[EventRounds "6"]
[SourceTitle "Corr 2008"]
[Source "ChessBase"]
[SourceDate "2008.06.24"]
[SourceVersion "1"]
[SourceVersionDate "2008.06.24"]
[SourceQuality "1"]

1. e4 e5 2. Nf3 Nc6 3. d4 exd4 4. Nxd4 Nf6 5. Nxc6 bxc6 6. e5 Qe7 7. Qe2 Nd5 8. c4 Ba6 9. g3 g6 10. b3 Bg7 11. Bb2 0-0 12. Bg2 Rae8 13. 0-0 Bxe5 14. Qxe5 Qxe5 15. Bxe5 Rxe5 16. cxd5 Bxf1 17. Kxf1 cxd5 18. Nc3 c6 19. Na4 Rfe8 20. Nc5 R5e7 21. Rc1 Re2 22. Nxd7 R8e6 23. Nc5 Re7 24. a4 Rd2 25. h4 Ree2 26. Nd3 Ra2 27. Kg1 Rec2 28. Rxc2 Rxc2 29. b4 Kf8 30. Kf1 Ke7 31. Ke1 a5 32. bxa5 Ra2 33. Ne5 Kd6 34. Nxf7+ Ke7 35. Ne5 Kd6 36. Nf7+ Ke7 1/2-1/2

[Event "IECG WC.2002.F.00010 email"]
[Site "IECG email"]
[Date "2002.12.15"]
[Round "?"]
[White "Mueller, Gabriele"]
[Black "Richkov, Sergei"]
[Result "1-0"]
[WhiteElo "1687"]
[BlackElo "1767"]
[PlyCount "93"]
[EventDate "2002.12.15"]
[EventType "tourn (corr)"]
[EventRounds "10"]
[SourceTitle "Corr 2008"]
[Source "ChessBase"]
[SourceDate "2008.06.24"]
[SourceVersion "1"]
[SourceVersionDate "2008.06.24"]
[SourceQuality "1"]

1. b3 d5 2. Bb2 Bg4 3. h3 Bh5 4. Nf3 Nd7 5. e3 Ngf6 6. Be2 e6 7. d3 h6 8. Nbd2 Bg6 9. c4 Bc5 10. 0-0 0-0 11. Qc2 Qe7 12. cxd5 exd5 13. b4 Bd6 14. Rfc1 c6 15. a3 a5 16. bxa5 Rxa5 17. a4 Re8 18. Bc3 Raa8 19. a5 Nc5 20. Nb3 Ne6 21. Nbd4 Nxd4 22. Nxd4 Nd7 23. a6 c5 24. Nb5 bxa6 25. Nxd6 Qxd6 26. Ra5 d4 27. Bd2 Rac8 28. Qa4 dxe3 29. Bxe3 Bxd3 30. Rd1 Ne5 31. Rxc5 Qxc5 32. Bxc5 Bxe2 33. Rd6 Bb5 34. Qd4 Nd7 35. Ba3 Ne5 36. Bb2 Rc4 37. Qd1 Rc6 38. Bxe5 Rxe5 39. Rd8+ Kh7 40. Rf8 Rf5 41. Qb1 g6 42. Qd1 g5 43. g4 Rf4 44. Qd8 Rg6 45. Rh8+ Kg7 46. Qf8+ Kf6 47. Rxh6 1-0

[Event "IECG CP.2001.Q.00003 email"]
[Site "IECG email"]
[Date "2002.10.01"]
[Round "?"]
[White "Jelen, Jean Luc"]
[Black "Mueller, Gabriele"]
[Result "1-0"]
[WhiteElo "2165"]
[BlackElo "1688"]
[PlyCount "103"]
[EventDate "2002.10.01"]
[EventType "tourn (corr)"]
[EventRounds "6"]
[EventCountry "TUR"]
[SourceTitle "Corr 2008"]
[Source "ChessBase"]
[SourceDate "2008.06.24"]
[SourceVersion "1"]
[SourceVersionDate "2008.06.24"]
[SourceQuality "1"]

1. e4 e5 2. Nf3 Nf6 3. Nxe5 d6 4. Nf3 Nxe4 5. d4 d5 6. Bd3 Be7 7. 0-0 Bg4 8. h3 Bf5 9. c4 dxc4 10. Bxc4 0-0 11. Nc3 Nc6 12. Bd3 Nxc3 13. bxc3 Qd7 14. Be3 Rfe8 15. Bxf5 Qxf5 16. Rb1 b6 17. Qa4 Na5 18. Rfe1 Rad8 19. c4 Qd7 20. Qc2 Bf6 21. Bg5 Qc6 22. d5 Qd6 23. Rxe8+ Rxe8 24. Qa4 Re4 25. Nd2 Re2 26. Be3 Qe7 27. c5 h6 28. Ne4 Be5 29. Rd1 c6 30. dxc6 Bc7 31. Kf1 b5 32. Rd7 Qxd7 33. cxd7 Rxf2+ 34. Kxf2 bxa4 35. Bf4 Bd8 36. Ke3 f5 37. Nd6 g5 38. Bh2 Kf8 39. Nxf5 Kf7 40. Nxh6+ Ke6 41. Ke4 Nc6 42. Ng4 Nb4 43. a3 Nc6 44. Ne5 Nxe5 45. Bxe5 Kxd7 46. Kd5 Kc8 47. Bd6 Ba5 48. g3 Be1 49. c6 Bf2 50. Be7 Be3 51. h4 gxh4 52. gxh4 1-0

[Event "IECG CP.2001.Q.00003 email"]
[Site "IECG email"]
[Date "2002.10.01"]
[Round "?"]
[White "Mueller, Gabriele"]
[Black "Roman, Eduardo Luis"]
[Result "1-0"]
[WhiteElo "1688"]
[BlackElo "2415"]
[PlyCount "111"]
[EventDate "2002.10.01"]
[EventType "tourn (corr)"]
[EventRounds "6"]
[EventCountry "TUR"]
[SourceTitle "Corr 2008"]
[Source "ChessBase"]
[SourceDate "2008.06.24"]
[SourceVersion "1"]
[SourceVersionDate "2008.06.24"]
[SourceQuality "1"]

1. d4 Nf6 2. c4 d6 3. Nc3 e5 4. dxe5 dxe5 5. Qxd8+ Kxd8 6. Nf3 Nfd7 7. Bd2 f6 8. Rd1 Ke8 9. e4 Nb6 10. Be2 Be6 11. b3 Na6 12. 0-0 Kf7 13. Ne1 Rd8 14. Nd3 Nc5 15. Nb2 Na6 16. Be3 Bb4 17. Nd5 Bc5 18. Nxc7 Bxe3 19. Nxe6 Bxf2+ 20. Kxf2 Kxe6 21. Nd3 Ke7 22. c5 Nd7 23. b4 Rhf8 24. Ke3 Nc7 25. b5 f5 26. Bf3 Nf6 27. exf5 Nfd5+ 28. Kd2 Rxf5 29. g4 Rf6 30. Nxe5 Nxb5 31. Kc1 Nbc3 32. Rde1 Kf8 33. g5 Rf4 34. Kc2 Kg8 35. a3 Re8 36. Kb3 a5 37. Bxd5+ Nxd5 38. Rxf4 Nxf4 39. Kc4 Ng2 40. Re4 Nh4 41. Kd3 Rd8+ 42. Rd4 Re8 43. Nc4 Nf3 44. Rd7 Rb8 45. Ke4 Nxg5+ 46. Kd5 Nh3 47. Kd6 Ng5 48. Kc7 Rf8 49. Kxb7 Ne6 50. c6 Rf4 51. Nxa5 Rf2 52. Nc4 Rxh2 53. Rd6 Re2 54. Rxe6 Rxe6 55. c7 Re8 56. c8Q 1-0

[Event "IECG CP.2001.P.00060"]
[Site "IECG email"]
[Date "2001.10.01"]
[Round "?"]
[White "Luehrig, Walter"]
[Black "Mueller, Gabriele"]
[Result "0-1"]
[WhiteElo "2009"]
[BlackElo "1418"]
[PlyCount "128"]
[EventDate "2001.10.01"]
[EventType "tourn (corr)"]
[EventRounds "6"]
[SourceTitle "Corr 2008"]
[Source "ChessBase"]
[SourceDate "2008.06.24"]
[SourceVersion "1"]
[SourceVersionDate "2008.06.24"]
[SourceQuality "1"]

1. d4 Nf6 2. c4 d5 3. cxd5 Nxd5 4. Nf3 g6 5. e4 Nb6 6. h3 Bg7 7. Nc3 c5 8. d5 Bd7 9. Be3 Qc7 10. Be2 Na6 11. Rc1 0-0 12. Qd2 c4 13. 0-0 Rfd8 14. Bf4 Qc5 15. Ne5 Be8 16. Rfd1 Rac8 17. Nf3 Qb4 18. a3 Qa5 19. Bh6 Nc5 20. Bxg7 Kxg7 21. Qd4+ f6 22. Nd2 e5 23. Qe3 Nb3 24. Nxb3 cxb3 25. Kh2 Qc5 26. Qg3 Qd6 27. Bg4 Rc4 28. Kg1 a6 29. Qe3 Qc5 30. Qf3 Bf7 31. Qg3 Rd4 32. Rxd4 Qxd4 33. Rd1 Qc5 34. Be2 Be8 35. Rd3 Bd7 36. Qe3 Rc8 37. Nd1 Ba4 38. Qxc5 Rxc5 39. Rc3 Rxc3 40. Nxc3 Bd7 41. Kf1 Kf7 42. Ke1 a5 43. Kd2 Ke7 44. f3 f5 45. g4 Kd6 46. h4 Kc5 47. gxf5 gxf5 48. Bd1 Kc4 49. Ne2 f4 50. Nc1 a4 51. Be2+ Kd4 52. Bf1 Nc8 53. Nd3 Nd6 54. Nf2 b5 55. Nd1 h5 56. Nf2 Bc8 57. Bd3 Bd7 58. Bf1 Nf7 59. Bg2 b4 60. axb4 Bb5 61. Nd1 Nd6 62. Bh3 Bd3 63. Bd7 Nc4+ 64. Kc1 Be2 0-1

[Event "IECG CP.2001.P.00060"]
[Site "IECG email"]
[Date "2001.10.01"]
[Round "?"]
[White "Mueller, Gabriele"]
[Black "Ryzycki, Bohdan"]
[Result "1-0"]
[WhiteElo "1418"]
[BlackElo "1886"]
[PlyCount "39"]
[EventDate "2001.10.01"]
[EventType "tourn (corr)"]
[EventRounds "6"]
[SourceTitle "Corr 2008"]
[Source "ChessBase"]
[SourceDate "2008.06.24"]
[SourceVersion "1"]
[SourceVersionDate "2008.06.24"]
[SourceQuality "1"]

1. e4 c6 2. d4 d5 3. e5 Bf5 4. c3 e6 5. Be2 c5 6. Nf3 Nc6 7. 0-0 Be7 8. Be3 Qb6 9. Qb3 Qxb3 10. axb3 Bg4 11. dxc5 Bxf3 12. Bxf3 Nxe5 13. Be2 Nf6 14. f4 Nc6 15. b4 Bd8 16. Nd2 0-0 17. b5 Ne7 18. Ra4 Bc7 19. g3 Rfd8 20. Rfa1 1-0

[Event "IECG WC.2003.S.00004 email"]
[Site "IECG email"]
[Date "2001.04.01"]
[Round "?"]
[White "Corradini, Carlo"]
[Black "Mueller, Gabriele"]
[Result "1/2-1/2"]
[WhiteElo "1999"]
[BlackElo "1344"]
[PlyCount "99"]
[EventDate "2001.04.01"]
[EventType "tourn (corr)"]
[EventRounds "8"]
[SourceTitle "Corr 2008"]
[Source "ChessBase"]
[SourceDate "2008.06.24"]
[SourceVersion "1"]
[SourceVersionDate "2008.06.24"]
[SourceQuality "1"]

1. d4 d5 2. c4 c6 3. Nf3 dxc4 4. a4 e6 5. Nc3 Bb4 6. e3 b5 7. Bd2 a5 8. axb5 Bxc3 9. Bxc3 cxb5 10. b3 Bb7 11. bxc4 b4 12. Bb2 Nf6 13. Bd3 Nbd7 14. 0-0 0-0 15. Qc2 Qc7 16. e4 e5 17. Rfe1 Rfe8 18. c5 exd4 19. Bxd4 h6 20. e5 Nd5 21. e6 Rxe6 22. Rxe6 fxe6 23. Re1 Nf4 24. Be4 Rc8 25. Ne5 Bxe4 26. Qxe4 Nd5 27. Qg4 Nf8 28. c6 Nf6 29. Qe2 Rd8 30. Bc5 Ra8 31. Qc4 Nd5 32. Qg4 Ne7 33. Qf3 Neg6 34. Nxg6 Nxg6 35. Rxe6 Qf7 36. Qe3 Nf4 37. Re4 Rd8 38. h3 Nd5 39. Qg3 Kh8 40. Re5 a4 41. Qd3 a3 42. Bxb4 a2 43. Bc3 Qf6 44. Rxd5 Rxd5 45. Qxd5 Qxc3 46. Qxa2 Qxc6 47. Qf7 g5 48. g3 Qe4 49. Kh2 Qd4 50. Kg2 1/2-1/2

[Event "IECG WC.2003.S.00004 email"]
[Site "IECG email"]
[Date "2001.04.01"]
[Round "?"]
[White "Hughes, Stephen J"]
[Black "Mueller, Gabriele"]
[Result "0-1"]
[WhiteElo "2343"]
[BlackElo "1344"]
[PlyCount "44"]
[EventDate "2001.04.01"]
[EventType "tourn (corr)"]
[EventRounds "8"]
[SourceTitle "Corr 2008"]
[Source "ChessBase"]
[SourceDate "2008.06.24"]
[SourceVersion "1"]
[SourceVersionDate "2008.06.24"]
[SourceQuality "1"]

1. e4 e6 2. d4 d5 3. Nc3 Bb4 4. e5 Ne7 5. Bd2 b6 6. Nf3 Nf5 7. Nb5 Bxd2+ 8. Qxd2 Ba6 9. g4 Ne7 10. h4 Qd7 11. a4 h5 12. gxh5 Rxh5 13. Qc3 Kd8 14. Bd3 Nf5 15. 0-0-0 c6 16. Bxf5 cxb5 17. Bg4 Rh6 18. a5 Nc6 19. axb6 axb6 20. Qe3 Qe7 21. Bh3 Bc8 22. Qd2 Ra1# 0-1

[Event "IECG CP.2000.P.00019"]
[Site "IECG email"]
[Date "2000.10.01"]
[Round "?"]
[White "Gornoi, Meelik"]
[Black "Mueller, Gabriele"]
[Result "1/2-1/2"]
[WhiteElo "1943"]
[BlackElo "1299"]
[PlyCount "116"]
[EventDate "2000.10.01"]
[EventType "tourn (corr)"]
[EventRounds "6"]
[EventCountry "EST"]
[SourceTitle "Corr 2008"]
[Source "ChessBase"]
[SourceDate "2008.06.24"]
[SourceVersion "1"]
[SourceVersionDate "2008.06.24"]
[SourceQuality "1"]

1. e4 d5 2. exd5 Qxd5 3. Nc3 Qa5 4. d4 c6 5. Nf3 Nf6 6. Bc4 Bf5 7. Bd2 e6 8. Qe2 Bb4 9. 0-0-0 Nbd7 10. Kb1 0-0 11. Nh4 Be4 12. Nxe4 Nxe4 13. Bc1 Nef6 14. f4 Rad8 15. g4 Nd5 16. Bb3 b5 17. g5 Rfe8 18. Qf3 g6 19. Ng2 Bf8 20. h4 b4 21. h5 Bg7 22. Ne3 Nxe3 23. Bxe3 Qb5 24. Qh3 Kf8 25. hxg6 hxg6 26. Qg3 Nb6 27. Rh7 Qf5 28. Qh2 Nd5 29. Rxg7 Nxe3 30. Re1 Ng2 31. Rh1 Ne3 32. Rh7 Nd5 33. Re1 Qxf4 34. Qh6+ Ke7 35. Qxg6 Rd6 36. Qg7 Rf8 37. Bxd5 Rxd5 38. Rh6 Qxd4 39. Rhxe6+ Kd7 40. Re7+ Kd6 41. Qh6+ Kc5 42. b3 Rh8 43. Qf6 Qxf6 44. gxf6 Rf5 45. Rxf7 Kb6 46. Kb2 Rf2 47. Re4 a5 48. Rfe7 Rh1 49. f7 Rff1 50. c3 Rh2+ 51. Re2 Rxe2+ 52. Rxe2 Rxf7 53. cxb4 axb4 54. a4 c5 55. Rh2 Rc7 56. Rh6+ Rc6 57. Rxc6+ Kxc6 58. Kc2 Kd6 1/2-1/2

[Event "IECG CP.2000.P.00019"]
[Site "IECG email"]
[Date "2000.10.01"]
[Round "?"]
[White "Mueller, Gabriele"]
[Black "Callow, Christopher"]
[Result "0-1"]
[WhiteElo "1299"]
[BlackElo "1984"]
[PlyCount "66"]
[EventDate "2000.10.01"]
[EventType "tourn (corr)"]
[EventRounds "6"]
[EventCountry "EST"]
[SourceTitle "Corr 2008"]
[Source "ChessBase"]
[SourceDate "2008.06.24"]
[SourceVersion "1"]
[SourceVersionDate "2008.06.24"]
[SourceQuality "1"]

1. f4 Nf6 2. Nf3 g6 3. c4 Bg7 4. d4 0-0 5. Nc3 d6 6. e4 e5 7. dxe5 dxe5 8. Qxd8 Rxd8 9. Nxe5 Re8 10. Be2 Nxe4 11. Nxe4 f6 12. Nxg6 Rxe4 13. Nh4 Bg4 14. Nf3 Bxf3 15. gxf3 Re7 16. Kf2 Nc6 17. f5 Rae8 18. Bd3 Ne5 19. Be4 c6 20. b3 Kf7 21. Rg1 a5 22. Rg3 h5 23. Bf4 Ng4+ 24. Kg2 Ne5 25. Kh3 Rh8 26. Rd1 Bh6 27. Bxh6 Rxh6 28. Rd8 Rd7 29. Rgg8 Ke7 30. Rge8+ Kf7 31. f4 Ng4 32. Kg2 Ne3+ 33. Kf3 Nf1 0-1

[Event "IECG CP.2000.P.00019"]
[Site "IECG email"]
[Date "2000.10.01"]
[Round "?"]
[White "Rusak, Alexandr Victorovic"]
[Black "Mueller, Gabriele"]
[Result "1/2-1/2"]
[WhiteElo "2110"]
[BlackElo "1299"]
[PlyCount "87"]
[EventDate "2000.10.01"]
[EventType "tourn (corr)"]
[EventRounds "6"]
[EventCountry "EST"]
[SourceTitle "Corr 2008"]
[Source "ChessBase"]
[SourceDate "2008.06.24"]
[SourceVersion "1"]
[SourceVersionDate "2008.06.24"]
[SourceQuality "1"]

1. e4 e5 2. Nf3 Nc6 3. Bb5 a6 4. Ba4 Nf6 5. 0-0 Be7 6. Re1 b5 7. Bb3 0-0 8. c3 d6 9. h3 Bb7 10. d4 Re8 11. Nbd2 Bf8 12. a4 h6 13. Bc2 exd4 14. cxd4 Nb4 15. Bb1 c5 16. d5 Nd7 17. Ra3 f5 18. Nh2 Nf6 19. g4 fxe4 20. g5 hxg5 21. Nxe4 Qd7 22. Bxg5 Nbxd5 23. Bxf6 Nxf6 24. Nxf6+ gxf6 25. Rg3+ Bg7 26. Ng4 Rxe1+ 27. Qxe1 Kf8 28. Ne3 Re8 29. Bg6 Re5 30. Qa5 Bh6 31. axb5 axb5 32. Ng2 b4 33. Qa7 Qc7 34. Bd3 Qc6 35. Qa5 Re1+ 36. Bf1 Ke7 37. Qa2 Qe4 38. Qg8 Bf8 39. Kh2 Bd5 40. Qh8 Rxf1 41. Re3 Qe5+ 42. Rxe5+ fxe5 43. Qh7+ Bf7 44. Kg3 1/2-1/2

[Event "IECG WC.2003.P.00006 email"]
[Site "IECG email"]
[Date "2000.??.??"]
[Round "?"]
[White "Mueller, Gabriele"]
[Black "Fantoni, Franco"]
[Result "1-0"]
[WhiteElo "800"]
[BlackElo "1333"]
[PlyCount "59"]
[EventDate "2000.01.26"]
[EventType "tourn (corr)"]
[EventRounds "10"]
[SourceTitle "Corr 2008"]
[Source "ChessBase"]
[SourceDate "2008.06.24"]
[SourceVersion "1"]
[SourceVersionDate "2008.06.24"]
[SourceQuality "1"]

1. Nf3 Nf6 2. e4 e5 3. d4 exd4 4. e5 Qe7 5. Bd2 Nc6 6. Be2 Ng4 7. 0-0 Ngxe5 8. Na3 d5 9. Re1 Bf5 10. Nxe5 Nxe5 11. Bd3 Bg4 12. f3 Bh5 13. g4 Bxg4 14. fxg4 c6 15. Bf4 f6 16. Bg3 0-0-0 17. Bf5+ Kb8 18. Qxd4 Re8 19. c3 Qc7 20. Kg2 Bd6 21. b4 g6 22. Bc2 h5 23. gxh5 gxh5 24. Qh4 Reg8 25. Re2 Rg5 26. Rf1 Nd7 27. Re3 Rg4 28. Qh3 Rgg8 29. Kh1 Bxg3 30. Rxg3 1-0

[Event "IECG WC.2003.P.00006 email"]
[Site "IECG email"]
[Date "2000.??.??"]
[Round "?"]
[White "Mueller, Gabriele"]
[Black "Lannaioli, Alfonsino"]
[Result "1-0"]
[WhiteElo "800"]
[BlackElo "1994"]
[PlyCount "97"]
[EventDate "2000.01.26"]
[EventType "tourn (corr)"]
[EventRounds "10"]
[SourceTitle "Corr 2008"]
[Source "ChessBase"]
[SourceDate "2008.06.24"]
[SourceVersion "1"]
[SourceVersionDate "2008.06.24"]
[SourceQuality "1"]

1. d4 d5 2. c4 e6 3. Nc3 c5 4. cxd5 cxd4 5. Qa4+ Bd7 6. Qxd4 exd5 7. Nf3 Nc6 8. Qxd5 Nf6 9. Qb3 Be6 10. Qa4 Bc5 11. Qb5 Qb6 12. e3 0-0-0 13. Bd2 a6 14. Qxb6 Bxb6 15. Ng5 Rhe8 16. Rc1 Kb8 17. Be2 h6 18. Nxe6 Rxe6 19. a3 Red6 20. Nb1 Ne4 21. Bc3 Nxc3 22. Nxc3 Ne5 23. Rd1 Rxd1+ 24. Nxd1 Kc7 25. Nc3 Kd6 26. Kd2 f5 27. f4 Kc7+ 28. Kc2 Ng6 29. Rd1 Bxe3 30. Nd5+ Rxd5 31. Rxd5 Nxf4 32. Rxf5 Nxe2 33. Kd3 Bc1 34. Rc5+ Kd6 35. Rc2 Bf4 36. Rxe2 Bxh2 37. g4 Be5 38. Ke4 g6 39. Rf2 Ke6 40. b4 Bd6 41. Rc2 h5 42. gxh5 gxh5 43. Rc8 h4 44. Rh8 Bg3 45. Rh7 b5 46. Rh6+ Kd7 47. Rxa6 Kc7 48. Rg6 Kb7 49. Kd5 1-0

[Event "IECG WC.2003.P.00006 email"]
[Site "IECG email"]
[Date "2000.??.??"]
[Round "?"]
[White "Thompson, Paul A"]
[Black "Mueller, Gabriele"]
[Result "0-1"]
[WhiteElo "1706"]
[BlackElo "800"]
[PlyCount "122"]
[EventDate "2000.01.26"]
[EventType "tourn (corr)"]
[EventRounds "10"]
[SourceTitle "Corr 2008"]
[Source "ChessBase"]
[SourceDate "2008.06.24"]
[SourceVersion "1"]
[SourceVersionDate "2008.06.24"]
[SourceQuality "1"]

1. e4 d5 2. exd5 Qxd5 3. Nc3 Qa5 4. d4 Nf6 5. Nf3 Bf5 6. Bd2 c6 7. Bc4 e6 8. Qe2 Bb4 9. Ne5 Nbd7 10. Nxd7 Nxd7 11. a3 Nf6 12. 0-0 Bxc3 13. Bxc3 Qc7 14. Rad1 0-0 15. f3 Nd5 16. Be1 Qf4 17. Bg3 Qe3+ 18. Rf2 Rad8 19. c3 h5 20. Bb3 Rd7 21. Qxe3 Nxe3 22. Re1 Nd5 23. Rd2 b5 24. Ra1 a5 25. a4 b4 26. Bxd5 Rxd5 27. cxb4 axb4 28. Rc1 b3 29. Bc7 Bc2 30. a5 c5 31. Bb6 Ra8 32. Bxc5 Rxa5 33. Bb4 Ra2 34. Bc3 f6 35. h4 Kf7 36. g3 Rd7 37. Kf2 Rd8 38. Ke3 Ra4 39. Rg2 e5 40. Rd2 Rc4 41. dxe5 Rxc3+ 42. bxc3 Rxd2 43. Kxd2 Bh7 44. exf6 Kxf6 45. g4 b2 46. Re1 b1Q 47. Rxb1 Bxb1 48. gxh5 Kf5 49. Ke3 Ba2 50. Kd3 Bf7 51. Ke3 Bxh5 52. f4 Be8 53. Kf3 Bb5 54. Kg3 Bc6 55. c4 g6 56. c5 Bd5 57. h5 gxh5 58. Kh4 Bf7 59. c6 Ke6 60. Kg5 Be8 61. c7 Kd7 0-1